| 000 | 02386cam a22001934a 4500 | ||
|---|---|---|---|
| 005 | 20250605164029.0 | ||
| 008 | 250528s ||||||||||||||||||||||||d | ||
| 035 | _a16558 | ||
| 040 |
_aGR-AtMCL _bgre _dGR-AtMCL _eAACR2 |
||
| 245 | 1 | _aΕυρωπαϊκό Κοινοτικό Δίκαιο Ι / Β' 'Εκδοση Αναθεωρημένη και Συμπληρωμένη | |
| 250 | _a2η | ||
| 260 |
_bΑντ. Ν. Σάκκουλα, _c1985 |
||
| 300 | _a588 | ||
| 520 | _aΗ Ενοποίηση της Ευρώπης και η Ευρωπαϊκή Κοινότητα, Προσχώρηση και Συμμετοχή στην Ευρωπαϊκή Κοινότητα, Η Ευρωπαϊκή Κοινότητα και τα Κράτη Μέλη, Οι Πηγές του Κοινοτικού Δικαίου, Το Πρωτογενές Κοινοτικό Δίκαιο, Το Δευτερογενές (Παράγωγο) Κοινοτικό Δίκαιο, Οι Γενικές Αρχές του Κοινοτικού Δικαίου, Μη Κανονιστικές Πράξεις των Κοινοτικών Οργάνων, Προσχώρηση και Συμμετοχή στην Ευρωπαϊκή Κοινότητα, Η Ευρωπαϊκή Κοινότητα και τα Κράτη Μέλη, Οι Πηγές του Κοινοτικού Δικαίου, Κατηγορίες και Ισχύς των Πηγών, Το Πρωτογενές Κοινοτικό Δίκαιο, Το Δευτερογενές (Παράγωγο) Κοινοτικό Δίκαιο, Οι Γενικές Αρχές του Κοινοτικού Δικαίου, Μη Κανονιστικές Πράξεις των Κοινοτικών Οργάνων, Κοινοτικό Δίκαιο και Εθνικό Δίκαιο και Διεθνές Δίκαιο, Η Υπεροχή του Κοινοτικού Δικαίου Έναντι των Εθνικών Δικαίων, Η Άμεσης Ισχύς Κανόνων του Κοινοτικού Δικαίου, Κοινοτικό Δίκαιο και Διεθνές Δίκαιο, Οργάνωση της Ευρωπαϊκής Κοινότητας, Ατομικά Δικαιώματα, Έννομη Προστασία, Η Παραπομπή Προδικαστικών Ζητημάτων, Ευρετήρια. | ||
| 700 | 1 |
_aΔαγτόγλου Π. Δ _92653 |
|
| 942 | _cBK | ||
| 999 |
_c2050 _d2050 |
||